000 01205nab a22002417a 4500
999 _c5518
_d5518
003 OSt
005 20251210155705.0
008 190604e xxu||||| |||| 00| 0 spa d
040 _cPJ
100 _aGaray, Oscar Ernesto
_96435
245 1 3 _aRegulación de la historia clínica electrónica /
_cOscar Ernesto Garay.
260 _aCiudad Autónoma de Buenos Aires :
_bThomson Reuters La Ley,
_c2025.
300 _ap. 49-61
500 _aCita Online: TR LALEY AR/DOC/1927/2025.
505 _aSumario: I. Introducción.— II. El cambio de la historia clínica en el tiempo.— III. La Organización Mundial de la Salud (OMS) y la Organización Panamericana de la Salud (OPS) ante la salud digital.— IV. La historia clínica electrónica (HCE). Definiciones.
505 _t¿Te interesa el texto completo? Solicitalo al correo: koha@justierradelfuego.gov.ar
650 0 _91497
_aCODIGO CIVIL Y COMERCIAL
650 0 _95407
_aHISTORIA CLÍNICA
650 0 _91253
_aDERECHO A LA SALUD
650 0 _94108
_aDATOS PERSONALES
773 0 _02714
_93171
_dCiudad Autónoma de Buenos Aires : Thomson Reuters La Ley, 2014-
_tRevista anales de legislación argentina. Nº 10- Octubre 2025.
942 _2udc
_cANA